<?xml version="1.0" encoding="UTF-8"?>
<collection xmlns="http://www.loc.gov/MARC21/slim">
<record>
  <controlfield tag="001">4206</controlfield>
  <controlfield tag="005">20190507101003.0</controlfield>
  <datafield tag="024" ind1="7" ind2=" ">
    <subfield code="a">10.1109/EFTF.2018.8409048</subfield>
    <subfield code="2">DOI</subfield>
  </datafield>
  <datafield tag="037" ind1=" " ind2=" ">
    <subfield code="a">SCART-2019-0161</subfield>
  </datafield>
  <datafield tag="100" ind1=" " ind2=" ">
    <subfield code="a">Signorile, Giovanna</subfield>
  </datafield>
  <datafield tag="245" ind1=" " ind2=" ">
    <subfield code="a">Galileo and GNSS Time Offsets</subfield>
  </datafield>
  <datafield tag="260" ind1=" " ind2=" ">
    <subfield code="c">2018</subfield>
  </datafield>
  <datafield tag="520" ind1=" " ind2=" ">
    <subfield code="a">Galileo disseminates the GPS to Galileo Time Offset (GGTO) through the navigation message. This broadcast offset allows the user of a combined GSP/Galileo receiver to achieve a unique navigation solution by using measurements from both GPS and Galileo satellites. Nowadays, many positioning systems are available, the topic of interoperability is therefore crucial. The time offsets between the different systems should therefore be made available to the multi-GNSS users. An alternative would be that each constellation broadcasts only the time offset between its time scale and a reference common to all GNSS. In this paper we propose two alternative for, for this reference: either it can be based on the combination of the different GNSS time scales , or it can be directly UTC, as predicted and broadcast by the different systems. This paper presents a first assessment of the performances that can be achieved with each of these two approaches.</subfield>
  </datafield>
  <datafield tag="594" ind1=" " ind2=" ">
    <subfield code="a">NO</subfield>
  </datafield>
  <datafield tag="700" ind1=" " ind2=" ">
    <subfield code="a">Sesia, Ilaria</subfield>
  </datafield>
  <datafield tag="700" ind1=" " ind2=" ">
    <subfield code="a">Defraigne, Pascale</subfield>
  </datafield>
  <datafield tag="700" ind1=" " ind2=" ">
    <subfield code="a">Tavella, Patrizia</subfield>
  </datafield>
  <datafield tag="773" ind1=" " ind2=" ">
    <subfield code="p">Proceedings of the 32nd European Frequency and Time Forum</subfield>
    <subfield code="y">2018</subfield>
    <subfield code="c">276-280</subfield>
  </datafield>
  <datafield tag="856" ind1="0" ind2=" ">
    <subfield code="f">pascale.defraigne@observatoire.be</subfield>
  </datafield>
  <datafield tag="905" ind1=" " ind2=" ">
    <subfield code="a">published in</subfield>
  </datafield>
  <datafield tag="980" ind1=" " ind2=" ">
    <subfield code="a">NONREF</subfield>
  </datafield>
</record>
</collection>